| 000 | 00850nam a2200265 i 4500 | ||
|---|---|---|---|
| 001 | 183185 | ||
| 003 | ES-MaACL | ||
| 005 | 20240409180457.0 | ||
| 008 | 140129s1985 sp |||| | spa d | ||
| 020 | _a84-376-0078-2 | ||
| 080 | _a821.134.2-34"13" | ||
| 100 | 0 |
_aJuan Manuel, Don ( _d1282-1348) _9174238 |
|
| 245 | 1 | 0 |
_aLibro de los enxiemplos del Conde Lucanor o de Patronio / _cDon Juan Manuel ; edición de Alfonso I. Sotelo. |
| 250 | _a10ª ed. | ||
| 260 |
_aMadrid : _bCátedra, _c1985. |
||
| 300 |
_a356 p. ; _c18 cm. |
||
| 490 | 1 |
_aLetras hispánicas ; _v53 |
|
| 504 | _aBibliografía: p. 61-65. | ||
| 700 | 1 |
_aSotelo, Alfonso I. _9154289 |
|
| 740 | 3 | _aEl conde Lucanor. | |
| 830 | 0 | 0 |
_aLetras hispánicas ; _v53 _9235703 |
| 852 |
_aES-MaACL _jL-29994 _z.- Donat. Miguel A. Velasco |
||
| 942 | _2udc | ||
| 999 |
_c183185 _d183185 |
||